Aj takto možno prispieť k zvýšeniu kvality základného vzdelania

Podrobná bibliografia
Hlavný autor: Matulčíková, Mária, 1956- (Autor)
Médium: Článok
Jazyk:slovenčina
Predmet:

MARC

LEADER 00000nab a2200000 a 4500
001 vtls000603050
003 SK-MaSNL
005 20260303014344.0
008 140302c1996 xo 0 slo
015 |a SNBRB19rr/mm-uuuuu 
035 |a CL0603189 
040 |a SNKBUCL  |b slo  |c SNKBUCL  |e AACR2 
041 0 |a slo 
044 |a xo  |c SK 
080 |a 373.3(437.6)  |2 1981 
100 1 |a Matulčíková, Mária,  |d 1956-  |4 aut  |9 194642 
245 1 0 |a Aj takto možno prispieť k zvýšeniu kvality základného vzdelania  |c Mária Matulčíková 
650 0 7 |a školy základné  |2 snkbucl  |9 390867 
655 7 |a články z novín a časopisov  |2 snkbucl  |9 267496 
773 0 |t Učiteľské noviny  |g Roč. 46, č. 32 (1996), s. 5 
850 |a Slovenská národná knižnica v Martine  |a MTA001 
852 |a SNK  |b KIS3GCP 
958 |a SK 
958 |a RK 
992 |a RBX 
999 |c 1607186  |d 1609116